000 00720nam0a22002171 4500
001 rc\3819887
005 20260531111858.0
035 _a(NLR Aleph) 007269790
090 _a5396992
_c5396992
100 _a20120410d1975 |||y0rusy50 ca
101 0 _arus
102 _aRU
_aRU
105 _ay z |||||
200 1 _aИнформационное письмо
_fАН УССР. Физико-механ. ин-т
210 _aКиев
_cНаукова думка
_d1975
710 0 2 _aФизико-механический институт им. Г. В. Карпенко
_cЛьвов
_9417419
_3RU\NLR\AUTH\889960570
801 0 _aRU
_bNLR
_gpsbo
801 1 _aRU
_bELAR
_2rusmarc
852 _aNLR
_jФГО
942 _cBOOK
980 _aNB